logo

Bir Sreshtho Munshi Abdur Rouf Library
Jhenaidah Cadet College

Techniques and experiments for organic chemistry / (Record no. 7326)

MARC details
000 -LEADER
fixed length control field 00814pam a2200265 a 4500
001 - CONTROL NUMBER
JCCL Control Number 7326
003 - CONTROL NUMBER IDENTIFIER
JCCL marc code BD-JhCC
005 - DATE AND TIME OF LATEST TRANSACTION
control field 20180207201624.0
008 - FIXED-LENGTH DATA ELEMENTS--GENERAL INFORMATION
fixed length control field 820825s1983 maua b 001 0 eng
020 ## - INTERNATIONAL STANDARD BOOK NUMBER
International Standard Book Number 0871507552
035 ## - SYSTEM CONTROL NUMBER
system control number (BD-JhCC)7326
040 ## - CATALOGING SOURCE
Original cataloging agency DLC
Transcribing agency DLC
Modifying agency DLC
-- BD-JhCC
041 ## - LANGUAGE CODE
Language code of Book eng
050 00 - LIBRARY OF CONGRESS CALL NUMBER
Classification number QD261
Item number .F47 1983
082 00 - DEWEY DECIMAL CLASSIFICATION NUMBER
Classification number 547/.0076
DDC Edition number 19
Author mark and Year FES 1983
100 1# - MAIN ENTRY--PERSONAL NAME
Personal name Fessenden, Ralph J.,
Dates associated with a name 1932-
245 10 - TITLE STATEMENT
Title Techniques and experiments for organic chemistry /
Statement of responsibility, etc Ralph J. Fessenden, Joan S. Fessenden.
260 ## - PUBLICATION, DISTRIBUTION, ETC. (IMPRINT)
Place of publication, distribution, etc Boston :
Name of publisher, distributor, etc Willard Grant Press,
Date of publication, distribution, etc c1983.
300 ## - PHYSICAL DESCRIPTION
Pagination xiii, 449 p. :
Other physical details ill. ;
Dimensions 27 cm.
504 ## - BIBLIOGRAPHY, ETC. NOTE
Bibliography, etc Includes bibliographical references and index.
650 #0 - SUBJECT ADDED ENTRY--TOPICAL TERM
Topical term or geographic name as entry element Chemistry, Organic
General subdivision Laboratory manuals.
700 1# - ADDED ENTRY--PERSONAL NAME
Personal name Fessenden, Joan S.
942 ## - ADDED ENTRY ELEMENTS (KOHA)
Source of classification or shelving scheme Dewey Decimal Classification
Koha item type Books
Holdings
Source of classification or shelving scheme Damaged status Not for loan Home library Current library Shelving location Total Checkouts Full call number Barcode Date last seen Copy number Koha item type
Dewey Decimal Classification     JCC Rouf Library JCC Rouf Library General Stacks   547/.0076 FES 1983 9971 02/07/2018 C - 1 Books

JCC Library | Contacts | JCC Home

Last Update on 23 September 2017
Copyright @ 2017-2020 JCC Rouf Library
Rouf Library, Jhenidah Cadet College (JCC), Bangladesh